000 00606nam a2200241 a 4500
003 AR-BaBNM
005 20251128204412.0
008 082120s2002 ||||||||||||||000 | spa||
040 _cAR-BaBNM
100 1 _aBrughetti, Romualdo
245 0 0 _aCorona de cielo para tanta lágrima
260 _aBuenos Aires
_bLosada
_c1966
300 _a68 p.
490 0 _aPoetas de ayer y de hoy
650 4 _aLITERATURA ARGENTINA
650 4 _aPOESIA
650 4 _aESCRITORES
650 4 _aLITERATURA CONTEMPORANEA
653 _aINFLUENCIA CLASICA
655 _aLITERATURA
942 _cBK
998 _cMARTIN
999 _c7326
_d7326